Nenne einen Inselstaat A-Z - Statistiken

Allgemein
  • Dieses Quiz wurde 302 mal gespielt
  • Das Durchschnittsergebnis liegt bei 15 aus 17
Antwortstatistiken
Land % Korrekt
M Madagaskar | Malediven | Malta | Marshallinseln | Mauritius
96%
F Fidschi | Föderierte Staaten von Mikronesien
95%
B Bahamas | Bahrain | Barbados | Brunei
93%
S Salomonen | Samoa | São Tomé und Príncipe | Seychellen | Singapur | Sri Lanka | St. Kitts und Nevis | St. Lucia | St. Vincent und die Grenadinen
93%
I Indonesien | Irland | Island
92%
J Jamaika | Japan
91%
K Kap Verde | Kiribati | Komoren | Kuba
91%
P Palau | Papua-Neuguinea | Philippinen
91%
T Taiwan | Tonga | Trinidad und Tobago | Tuvalu
91%
V Vanuatu | Vereinigtes Königreich
91%
H Haiti
89%
Z Zypern
89%
A Antigua und Barbuda
87%
D Dominica | Dominikanische Republik
87%
N Nauru | Neuseeland
87%
O Osttimor
72%
G Grenada
70%
Keine übereinstimmenden Quizze gefunden
Verteilung der Resultate
Anzahl Personen mit jedem Resultat
Perzentil nach korrekt beantworteten Fragen
Ihre Resultats-Entwicklung
Sie haben dieses Quiz noch nicht gespielt